书目信息 |
| 题名: |
名品服饰
|
|
| 作者: | 郑万春 编著 | |
| 分册: | ||
| 出版信息: | 哈尔滨 哈尔滨出版社 2007 |
|
| 页数: | 193页 | |
| 开本: | 25cm | |
| 丛书名: | 百年品牌 | |
| 单 册: | ||
| 中图分类: | F768.3 | |
| 科图分类: | ||
| 主题词: | 服装--简介--世界 , 服装 | |
| 电子资源: | ||
| ISBN: | 978-7-80699-965-3 | |
| 000 | 00878oam2 2200277 450 | |
| 001 | 003559072 | |
| 005 | 20091230084407.20 | |
| 010 | @a978-7-80699-965-3@dCNY38.00 | |
| 100 | @a20070402d2007 em y0chiy0110 ea | |
| 101 | 0 | @achi |
| 102 | @aCN@b230000 | |
| 105 | @aa z 000yy | |
| 106 | @ar | |
| 200 | 1 | @a名品服饰@9ming pin fu shi@f郑万春编著 |
| 210 | @a哈尔滨@c哈尔滨出版社@d2007 | |
| 215 | @a193页@c彩照@d25cm | |
| 225 | 2 | @a百年品牌 |
| 330 | @a本书介绍了30多种世界品牌服装的由来和发展,包括爱马仕、路易·威登、朗万、巴宝莉、登喜路、杰尼亚、香奈尔等。 | |
| 461 | 0 | @12001 @a百年品牌 |
| 516 | 1 | @a名品服饰:30款世界名品服饰@9ming pin fu shi : 30 kuan shi jie ming pin fu shi |
| 606 | 0 | @a服装@x简介@y世界 |
| 606 | 0 | @a服装 |
| 690 | @aF768.3@v4 | |
| 701 | 0 | @a郑万春@9zheng wan chun@4编著 |
| 801 | 0 | @aCN@bNLC@c20091230 |
| 905 | @b20798555-60@dF768.3@e31@f6 | |
| 名品服饰/郑万春编著.-哈尔滨:哈尔滨出版社,2007 |
| 193页:彩照;25cm.-(百年品牌) |
| ISBN 978-7-80699-965-3:CNY38.00 |
| 本书介绍了30多种世界品牌服装的由来和发展,包括爱马仕、路易·威登、朗万、巴宝莉、登喜路、杰尼亚、香奈尔等。 |
| ● |
| 相关链接 |
|
|
|
|
正题名:名品服饰
索取号:F768.3/31
 
预约/预借
| 序号 | 登录号 | 条形码 | 馆藏地/架位号 | 状态 | 备注 |
| 1 | 798555 | 207985554 | 第一样本阅览室/ [索取号:F768.3/31] | 在馆 | |
| 2 | 798556 | 207985563 | 第一借阅区/ [索取号:F768.3/31] | 在馆 | |
| 3 | 798557 | 207985572 | 第一借阅区/ [索取号:F768.3/31] | 在馆 | |
| 4 | 798558 | 207985581 | 第一借阅区/ [索取号:F768.3/31] | 在馆 | |
| 5 | 798559 | 207985590 | 第一借阅区/ [索取号:F768.3/31] | 在馆 | |
| 6 | 798560 | 207985607 | 第一借阅区/ [索取号:F768.3/31] | 在馆 |